Alle Pokemon Attacken von Typ Pflanze - Statistiken

Allgemein
  • Dieses Quiz wurde 182 mal gespielt
    20 seit der letzten Aktualisierung
  • Das Durchschnittsergebnis liegt bei 27 aus 55
Antwortstatistiken
Klasse Stärke Genau. Attacke % Korrekt
physisch 55 95 Rasierblatt
93%
speziell 130 90 Blättersturm
86%
physisch 45 100 Rankenhieb
86%
status - 75 Schlafpuder
86%
status - 75 Stachelspore
86%
speziell 20 100 Absorber
79%
speziell 150 90 Flora-Statue
79%
speziell 75 100 Gigasauger
79%
speziell 40 100 Megasauger
79%
status - 100 Pilzspore
79%
speziell 120 100 Solarstrahl
79%
speziell 120 100 Blättertanz
71%
speziell 90 100 Energieball
71%
physisch 90 100 Laubklinge
71%
physisch 40 100 Blattwerk
64%
status - 90 Egelsamen
64%
physisch 120 100 Holzhammer
64%
physisch 25 100 Kugelsaat
64%
speziell 80 100 Pflanzensäulen
64%
physisch 80 100 Samenbomben
64%
physisch 125 100 Solarklinge
64%
status - - Synthese
64%
status - 55 Grasflöte
57%
speziell variiert 100 Strauchler
57%
status - - Verwurzler
57%
physisch 90 100 Blütenwirbel
50%
status - 100 Sorgensamen
50%
speziell 60 - Zauberblatt
50%
physisch 120 85 Blattgeißel
43%
status - - Grasfeld
43%
speziell 65 90 Grasmixer
43%
physisch 70 100 Grasrutsche
43%
physisch 75 100 Holzgeweih
43%
status - 100 Kraftabsorber
43%
physisch 60 100 Nietenranke
43%
status - - Schutzstacheln
43%
physisch 70 100 Tropenkick
43%
status - - Aromakur
36%
status - - Watteschild
36%
physisch 70 - Blumentrick
29%
physisch 80 100 Gravitation
29%
physisch 100 100 Rankenkeule
29%
speziell 120 85 Schocksamen
29%
physisch 80 100 Trommelschläge
29%
speziell 80 100 Apfelsäure
21%
status - 100 Baumwollsaat
21%
status - - Chili-Essenz
21%
physisch 100 90 Sprießbomben
21%
physisch 40 100 Zweigstoß
21%
speziell 80 90 Quirlschuss
14%
status - 100 Waldesfluch
14%
physisch 50 100 Wegbereiter
14%
speziell 150 95 Chlorostrahl
7%
status - - Dschungelheilung
0%
physisch 35 100 Fangeisen
0%
Keine übereinstimmenden Quizze gefunden
Verteilung der Resultate
Anzahl Personen mit jedem Resultat
Perzentil nach korrekt beantworteten Fragen
Ihre Resultats-Entwicklung
Sie haben dieses Quiz seit der letzten Aktualisierung nicht gespielt